El libro que mata a la muerte o Libro de los jinas / (Record no. 132932)

MARC details
000 -LEADER
campo de control de longitud fija 00739nam a2200265 4500
001 - NÚMERO DE CONTROL
campo de control 132932
003 - IDENTIFICADOR DE NÚMERO DE CONTROL
campo de control ES-MaACL
005 - FECHA Y HORA DE LA ÚLTIMA TRANSACCIÓN
campo de control 20250728100643.0
007 - CAMPO FIJO DE DESCRIPCIÓN FÍSICA--INFORMACIÓN GENERAL
campo de control de longitud fija t|
008 - DATOS DE LONGITUD FIJA--INFORMACIÓN GENERAL
campo de control de longitud fija 070214s1981 sp r ||||1| spa d
020 ## - NÚMERO INTERNACIONAL ESTÁNDAR DEL LIBRO
Número Internacional Estándar del Libro 84-85269-23-3
080 ## - NÚMERO DE LA CLASIFICACIÓN DECIMAL UNIVERSAL
Número de la Clasificación Decimal Universal 133
080 ## - NÚMERO DE LA CLASIFICACIÓN DECIMAL UNIVERSAL
Número de la Clasificación Decimal Universal 141.332
100 1# - ENTRADA PRINCIPAL--NOMBRE DE PERSONA
Nombre de persona Roso de Luna, Mario,
Fechas asociadas al nombre 1872-1931
9 (RLIN) 99794
245 13 - MENCIÓN DEL TÍTULO
Título El libro que mata a la muerte o Libro de los jinas /
Mención de responsabilidad, etc. Mario Roso de Luna.
246 2# - FORMA VARIANTE DEL TITULO
Título propio/Titulo breve Libro de los jinas
260 ## - PUBLICACIÓN, DISTRIBUCIÓN, ETC.
Lugar de publicación, distribución, etc. Madrid :
Nombre del editor, distribuidor, etc. Eyras,
Fecha de publicación, distribución, etc. [1981]
300 ## - DESCRIPCIÓN FÍSICA
Extensión 494 p. ;
Dimensiones 21 cm.
490 1# - MENCIÓN DE SERIE
Mención de serie Hespérides
650 #7 - PUNTO DE ACCESO ADICIONAL DE MATERIA--TÉRMINO DE MATERIA
Término de materia o nombre geográfico como elemento de entrada Teosofía
Fuente del encabezamiento o término embne
9 (RLIN) 17478
650 #4 - PUNTO DE ACCESO ADICIONAL DE MATERIA--TÉRMINO DE MATERIA
Término de materia o nombre geográfico como elemento de entrada Jinns.
9 (RLIN) 170805
830 1# - PUNTO DE ACCESO ADICIONAL DE SERIE-TÍTULO UNIFORME
Título uniforme Hespérides
9 (RLIN) 186914
852 ## - LOCALIZACIÓN
Ubicación ES-MaACL
Número de control de estantería L-11127
Holdings
Estatus retirado Estado de pérdida Estado de daño No para préstamo Biblioteca de origen Biblioteca actual Ubicación en estantería Fecha de adquisición Fuente de adquisición Total de préstamos Signatura topográfica completa Código de barras Visto por última vez Precio de reemplazo Tipo de ítem Koha
        Biblioteca del Ateneo de Madrid Biblioteca del Ateneo de Madrid Depósito 2 17/01/2008     L-11127 1138389 23/02/2023 23/02/2023 Libro impreso